پرو فسر ضیاء الر حمان صد یقی کے ادبی متون / (Record no. 197399)

MARC details
000 -LEADER
fixed length control field 00683nam a22001937a 4500
005 - DATE AND TIME OF LATEST TRANSACTION
control field 20230822165917.0
010 ## - LCCN (DPL NO)
LC control number UR-12162
020 ## - INTERNATIONAL STANDARD BOOK NUMBER
International Standard Book Number 9789391238711
Terms of availability 350.00
035 ## - SYSTEM CONTROL NUMBER
System control number U-10717
037 ## - SOURCE OF ACQUISITION
Source of stock number/acquisition DBAD/PUB
082 ## - DEWEY DECIMAL CLASSIFICATION NUMBER
Classification number 841
100 ## - MAIN ENTRY--PERSONAL NAME
Dates associated with a name ارشد اقبال
245 ## - TITLE STATEMENT
Title پرو فسر ضیاء الر حمان صد یقی کے ادبی متون /
Statement of responsibility, etc ارشد اقبال
246 ## - VARYING FORM OF TITLE
Title proper/short title Prof. Zia ur Rehman Siddiqui ke adabi matoon/
Remainder of title by Arshad Iqbal
260 ## - PUBLICATION, DISTRIBUTION, ETC. (IMPRINT)
Place of publication, distribution, etc New Delhi
Name of publisher, distributor, etc Educational Publishing House
Date of publication, distribution, etc 2021 ء
270 ## - ADDRESS
Address H.O. D1/16, Ansari Road, Darya Ganj
City New Delhi
Postal code 110002
300 ## - PHYSICAL DESCRIPTION
Extent 304 ص
Dimensions 22cm(Hb)
942 ## - ADDED ENTRY ELEMENTS (KOHA)
Source of classification or shelving scheme Dewey Decimal Classification
Item type Urdu Bks
Call number suffix ا ر ش
Edition
Classification part 841
Holdings
Withdrawn status Lost status Not for loan Collection code Home library Current library Date acquired Source of acquisition Cost, normal purchase price Full call number Barcode Copy number Cost, replacement price Koha item type
      Non-fiction Kadipur Kadipur 22/08/2023 DBAD/PUB 350.00 841 ا ر ش U-10717 1 350.00 Urdu Bks

© Delhi Public Library
Hit Counter
free hit counter